• 首页
  • 本馆介绍
  • 公告通知
  • 最新文献
  • 馆藏检索
  • 电子资源
  • 读者导购
  • 参考咨询
  • 我的图书馆
  • 登录
  • 详细信息显示
  • 放入我的书架
  • 预约/预借图书
  • 作者相关作品
  • 分类相关作品
  • 丛书相关作品
  • 出版社相关作品

书目信息

  • 表格格式
  • 工作单格式
  • 卡片格式
题名:
战略论
    
 
作者: 利德尔-哈特 著 ;解放军军事科学院 译
分册:  
出版信息: 北京   战士出版社  1981
页数: 559页
开本: 19cm
丛书名:
单 册:
中图分类: E81
科图分类:
主题词: 战略学
电子资源:
ISBN:
000 00727nam0 2200253 45
001 0181002797
005 20040424153448.8
010    @dCNY2.65
091    @a1585.5
100    @a19950420d1981 em y0chiy0121 ea
101 1  @achi@ceng
102    @aCN@b110000
105    @ay z 000yy
106    @ar
200 10 @a战略论@Azhan lue lun@e间接路线战略@f(英)利德尔-哈特著@g中国人民解放军军事科学院译
210    @a北京@c战士出版社@d1981
215    @a559页@d19cm
606    @a战略学
690    @aE81@v3
701  1 @a利德尔-哈特@Ali de er- ha te@4著
712 02 @a解放军军事科学院@Ajie fang jun jun shi ke xue yuan@4译
801  0 @aCN@b上海图书馆@c20040330
801  2 @aCN@bNLC@c20040330
905    @dE81@e3@f1@b41842@b41844@f1
    
    战略论:间接路线战略/(英)利德尔-哈特著/中国人民解放军军事科学院译.-北京:战士出版社,1981
    559页;19cm
    
    
    ISBN :CNY2.65
    
●
相关链接 在E读中查询图书 在五车中查询图书 在当当中查询图书 在豆瓣中查询图书


正题名:战略论     索取号:E81/3         预约/预借

序号 登录号 条形码 馆藏地/架位号 状态 备注
1 0041842   001598373   第一借阅区/ [索取号:E81/3] 在馆    
2 0041843   001920130   密集书库/ [索取号:E81/3] 在馆    
3 0041844   001596240   第一借阅区/ [索取号:E81/3] 在馆    
唐山师范学院图书馆 欢迎您!
大连网信软件有限公司© 版权所有